Información y documentación : sistemas de gestión para los documentos : fundamentos y vocabulario : UNE_ISO 30300 sistemas de gestión para los documentos : fundamentos y vocabulario : UNE_ISO 30300
Descripción Física:
23 p. ; 30 cm
Materias:
Documentació -- Normes
; Normes UNE
; Asociación Española de Normalización y Certificación
Idioma:
Español
MARC
| LEADER | 00000nam a2200000 a 4500 | ||
|---|---|---|---|
| 001 | 25115 | ||
| 003 | Arxiu | ||
| 005 | 20260324180725.0 | ||
| 008 | AAMMDDe2011 sp ||||f||||||||| ||spa|c | ||
| 035 | |a (ES-BaCBU).b52292630 | ||
| 040 | |a ES-BaCBU |b cat |c ES-BaCBU | ||
| 245 | 0 | 0 | |a Información y documentación : |b sistemas de gestión para los documentos : fundamentos y vocabulario : UNE_ISO 30300 |
| 260 | |a Madrid : |b AENOR, |c 2011 | ||
| 300 | |a 23 p. ; |c 30 cm | ||
| 650 | 4 | |a Documentació |x Normes |2 lemac |9 39074 | |
| 650 | 7 | |a Normes UNE |9 46288 | |
| 650 | 4 | |a Asociación Española de Normalización y Certificación | |
| 740 | |a UNE-ISO 30300 | ||
| 907 | |a .b52292630 |b 05-05-17 |c 15-02-12 |d 15-02-12 |e m |f a |g - |h spa |i sp |j 0 |k 0 | ||
| 908 | |a CBAB | ||
| 940 | |a CBAB | ||
| 942 | |c ARXIU |n 1 | ||
| 952 | |0 0 |1 0 |4 0 |6 BIB388 |7 1 |9 60940 |a Arxiu |b Arxiu |d 2021-12-29 |l 0 |o Bib-388 |p 25115 |r 2021-12-29 00:00:00 |w 2021-12-29 |y ARXIU | ||
| 999 | |c 81065 |d 81065 | ||